Voldemort's Death Eaters Quiz Stats

Quiz Updated Jul 21, 2012

Challenge
Share
Tweet
Embed
Score 0/28 Timer 05:00
33 Plays Today
% Correct
Bellatrix Lestrange
94%
Lucius Malfoy
93.7%
Severus Snape
92.5%
Igor Karkaroff
91.3%
Crabbe Sr
91.1%
Barty Crouch Jr
90.9%
Rodolphus Lestrange
90.8%
Goyle Sr
90.3%
Draco Malfoy
90%
Rabastan Lestrange
89.3%
Amycus Carrow
87.9%
Alecto Carrow
87.7%
Peter Pettigrew
87.6%
Antonin Dolohov
87.3%
% Correct
Regulus Black
86.8%
Yaxley
85.6%
Augustus Rookwood
81.1%
Avery
79.5%
Walden Macnair
77.9%
Mulciber
76.4%
Nott Sr
75.1%
Travers
74.3%
Thorfinn Rowle
72.2%
Evan Rosier
68.6%
Selwyn
64.1%
Wilkes
56.8%
Gibbon
54.8%
Jugson
48.1%

You're not logged in!

Compare scores with friends on all Sporcle quizzes.
Sign Up with Email
OR
Log In

You Might Also Like...

Show Comments

Extras

Top Quizzes Today


Score Distribution

Your Account Isn't Verified!

In order to create a playlist on Sporcle, you need to verify the email address you used during registration. Go to your Sporcle Settings to finish the process.